000 00338nam a2200133Ia 4500
008 230312s9999||||xx |||||||||||||| ||und||
082 _a658.132
_bWEL-C
100 _aWells;Alexander.T
245 0 _aCommercial Aviation Safety
260 _bMcGraw Hill
_c2001
300 _a436
650 _aAviation
_vEngineering/Technology
942 _cBK
999 _c13026
_d13026